| 000 | 00346 a2200109 4500 | ||
|---|---|---|---|
| 001 | ART_30530 | ||
| 005 | 20260410162003.0 | ||
| 008 | 260409a | ||
| 245 | 1 | 0 | _aLa desmemoria como clave de la transición política española |
| 100 | 1 | _aAncarola, Gerardo | |
| 773 | 0 |
_tForo político _g- Vol. XXXVIII (ene./jun. 2004) _wREV30389 |
|
| 999 |
_c31502 _d31502 |
||